logo

Bir Sreshtho Munshi Abdur Rouf Library
Jhenaidah Cadet College

The law of success / (Record no. 1906)

MARC details
000 -LEADER
fixed length control field 01076nam a2200325 a 4500
001 - CONTROL NUMBER
JCCL Control Number 1906
003 - CONTROL NUMBER IDENTIFIER
JCCL marc code BD-JhCC
005 - DATE AND TIME OF LATEST TRANSACTION
control field 20220616134022.0
008 - FIXED-LENGTH DATA ELEMENTS--GENERAL INFORMATION
fixed length control field 080925s2008 nyua a 001 0 eng
020 ## - INTERNATIONAL STANDARD BOOK NUMBER
International Standard Book Number 158542689X (pbk.)
020 ## - INTERNATIONAL STANDARD BOOK NUMBER
International Standard Book Number 9781585426898 (pbk.)
035 ## - SYSTEM CONTROL NUMBER
system control number (BD-JhCC)1906
035 ## - SYSTEM CONTROL NUMBER
system control number (OCoLC)ocn230208806
040 ## - CATALOGING SOURCE
Original cataloging agency DLC
Transcribing agency DLC
Modifying agency YDX
-- BTCTA
-- BAKER
-- YDXCP
-- BKL
-- DLC
041 ## - LANGUAGE CODE
Language code of Book eng
050 00 - LIBRARY OF CONGRESS CALL NUMBER
Classification number HF5386
Item number .H55 2008
082 00 - DEWEY DECIMAL CLASSIFICATION NUMBER
Classification number 650.1
DDC Edition number 22
Author mark and Year HIL 2008
100 1# - MAIN ENTRY--PERSONAL NAME
Personal name Hill, Napoleon,
Dates associated with a name 1883-1970.
245 14 - TITLE STATEMENT
Title The law of success /
Statement of responsibility, etc Napoleon Hill.
260 ## - PUBLICATION, DISTRIBUTION, ETC. (IMPRINT)
Place of publication, distribution, etc New York :
Name of publisher, distributor, etc Jeremy P. Tarcher/Penguin,
Date of publication, distribution, etc [2008]
300 ## - PHYSICAL DESCRIPTION
Pagination xxii, 612 p. :
Other physical details ill. ;
Dimensions 24 cm.
500 ## - GENERAL NOTE
General note "Napoleon Hill's The Law of Success was originally published as an eight-volume set in 1928."--T.p. verso.
500 ## - GENERAL NOTE
General note Includes index.
650 #0 - SUBJECT ADDED ENTRY--TOPICAL TERM
Topical term or geographic name as entry element Success in business.
650 #0 - SUBJECT ADDED ENTRY--TOPICAL TERM
Topical term or geographic name as entry element Success.
650 #0 - SUBJECT ADDED ENTRY--TOPICAL TERM
Topical term or geographic name as entry element Motivation (Psychology)
856 42 - ELECTRONIC LOCATION AND ACCESS
Materials specified Publisher description
Uniform Resource Identifier http://www.loc.gov/catdir/enhancements/fy0906/2008042052-d.html
942 ## - ADDED ENTRY ELEMENTS (KOHA)
Source of classification or shelving scheme Dewey Decimal Classification
Koha item type Books
Koha issues (borrowed), all copies 2
Holdings
Source of classification or shelving scheme Damaged status Not for loan Home library Current library Shelving location Date of accession Total Checkouts Full call number Barcode Date last seen Date checked out Copy number Koha item type Source of acquisition Cost, normal purchase price Method of acquisition Currency
Dewey Decimal Classification     JCC Rouf Library JCC Rouf Library General Stacks 10/26/2017 1 650.1 HIL 2008 2681 03/03/2019 11/18/2018 C-1 Books        
Dewey Decimal Classification     JCC Rouf Library JCC Rouf Library General Stacks 01/24/2018   650.1 HIL 2008 8902 01/24/2018   C-2 Books Lt. Gen. Mahfuzur Rahman (10th intake) 222.00    
Dewey Decimal Classification     JCC Rouf Library JCC Rouf Library General Stacks 11/08/2020 4 650.1 HIL 2008 16151 05/28/2024 04/29/2024 C-3 Books Lt. Gen. Mahfuzur Rahman (10th intake) 234.00    
Dewey Decimal Classification     JCC Rouf Library JCC Rouf Library General Stacks 11/29/2020 1 650.1 HIL 2008 16429 09/26/2023 09/11/2023 C-4 Books Lt. Gen. Mahfuzur Rahman (10th intake) 222.00    
Dewey Decimal Classification     JCC Rouf Library JCC Rouf Library General Stacks 11/29/2020 2 650.1 HIL 2008 16430 09/26/2023 06/19/2023 C-5 Books Lt. Gen. Mahfuzur Rahman (10th intake) 222.00    
Dewey Decimal Classification     JCC Rouf Library JCC Rouf Library General Stacks     650.1 HIL 2008 19501 05/16/2024   C-6 Books   222.00 Purchase BDT

JCC Library | Contacts | JCC Home

Last Update on 23 September 2017
Copyright @ 2017-2020 JCC Rouf Library
Rouf Library, Jhenidah Cadet College (JCC), Bangladesh